Daňový sprievodca ... s komentárom
| Other Authors: | |
|---|---|
| Format: | Serial |
| Language: | Slovak |
| PhysicalDescription: | zv. 30 cm |
| Published: |
Bratislava
Ecopress
Bratislava MAFRA Slovakia |
| ISBN: | 9788089950782 (brož. : r. 2021) 9788082540270 (brož. : r. 2022) 9788082540942 (brož. : r. 2024) 9788082540676 (brož. : r. 2023) 9788082541215 (brož. : r. 2025) |
| Series: | Hospodárske noviny
|
| Subjects: |
MARC
| LEADER | 00000cas a2200000 a 4500 | ||
|---|---|---|---|
| 001 | vtls008951263 | ||
| 003 | SK-MaSNL | ||
| 005 | 20260425194309.0 | ||
| 008 | 230504c200u9999xo ar 000 b0slo | ||
| 015 | |a SNBB2023-(r. 2021, r. 2022) |a SNBB2024-(r. 2023) |a SNBB2025-(r. 2024) | ||
| 020 | |a 9788089950782 (brož. : r. 2021) | ||
| 020 | |a 9788082540270 (brož. : r. 2022) | ||
| 020 | |a 9788082540942 (brož. : r. 2024) | ||
| 020 | |a 9788082540676 (brož. : r. 2023) | ||
| 020 | |a 9788082541215 (brož. : r. 2025) | ||
| 022 | |y 1335-4701 | ||
| 040 | |a SVKPO |b slo |c SVKPO |d SNK |e AACR2 | ||
| 041 | 0 | |a slo | |
| 043 | |a e-xo--- | ||
| 044 | |a xo |c SK | ||
| 072 | 7 | |a 336.1/.5 |x Verejné financie |2 konspekt | |
| 072 | 7 | |a 351 |x Úlohy verejnej správy, správne opatrenia. Legislatíva |2 konspekt | |
| 072 | 7 | |a 657 |x Účtovníctvo |2 konspekt | |
| 080 | |a 336.22:659.23 |2 2011 | ||
| 080 | |a (437.6) |2 2011 | ||
| 080 | |a (094.5) |2 2011 | ||
| 080 | |a 657 |2 2011 | ||
| 080 | |a 351.72 |2 2011 | ||
| 080 | |a (0.072) |2 2011 | ||
| 245 | 0 | 0 | |a Daňový sprievodca ... |b s komentárom |
| 246 | 1 | |i Názov v tiráži: |a Daňový sprievodca s komentárom ... | |
| 246 | 1 | 3 | |a Daňový sprievodca ... s komentárom |
| 260 | |a Bratislava |b Ecopress | ||
| 260 | 3 | |3 [2015]- |a Bratislava |b MAFRA Slovakia | |
| 300 | |a zv. |c 30 cm | ||
| 310 | |a 1x ročne | ||
| 490 | 1 | |a Hospodárske noviny | |
| 500 | |a Súčasťou názvu je označenie bežného roku | ||
| 500 | |a Popis podľa: R. 2004 | ||
| 500 | |a Názov z obalu | ||
| 500 | |a ISSN uvedené na dokumente patrí titulu: Hospodárske noviny | ||
| 500 | |a Vychádza ako samostatná príloha Hospodárskych novín = ISSN 1335-4701 | ||
| 500 | |a Šéfredaktor: 2004-2005, Alica Ďurianová | ||
| 650 | 0 | 7 | |a dane |2 SNKPH |9 2123 |
| 650 | 0 | 7 | |a daňové poradenstvo |2 SNKPH |9 69630 |
| 650 | 0 | 7 | |a účtovníctvo |2 SNKPH |9 649 |
| 651 | 7 | |a Slovensko |2 SNKPHgeo |9 14231 | |
| 655 | 7 | |a zákony |2 SNKPH |9 70186 | |
| 655 | 7 | |a komentované vydanie |2 SNKPH |9 70501 | |
| 700 | 1 | |a Ďurianová, Alica |4 pbd |9 268418 | |
| 772 | 0 | |t Hospodárske noviny |x 1335-4701 |w vtls001468054 | |
| 830 | 0 | |a Hospodárske noviny |9 270366 | |
| 910 | |a snk | ||
| 910 | |a svkpo | ||
| 919 | |a 978-80-89950-78-2 | ||
| 919 | |a 978-80-8254-027-0 | ||
| 919 | |a 978-80-8254-094-2 | ||
| 919 | |a 978-80-8254-067-6 | ||
| 919 | |a 978-80-8254-121-5 | ||
| 999 | |c 9879 |d 11809 | ||
| 952 | |a SNK |b SNK |y PREZ |7 0 |p 17A1561713 |o snkČSB 5542/2024 |i snk2025/3711 |8 0 |0 0 |1 0 |4 0 |d 2025-03-03 |l 0 |r 2026-02-21 19:49:10 |w 2026-02-21 | ||
| 952 | |a SNK |b SNK |y PREZ |7 0 |p 17A1553072 |o snkČSB 5542/2023 |i snk2024/15789 |8 0 |0 0 |1 0 |4 0 |d 2024-10-14 |l 0 |r 2026-02-21 19:57:46 |w 2026-02-21 | ||
| 952 | |a SNK |b SNK |y PREZ |7 0 |p 17A0556099 |o snkČSB 5542/2004 |i snk2007/18133 |8 0 |0 0 |1 0 |4 0 |d 2007-08-02 |l 0 |r 2026-02-21 20:16:01 |w 2026-02-21 | ||
| 952 | |a SNK |b SNK |y PREZ |7 0 |p 17A0556100 |o snkČSB 5542/2004 D1 |i snk2007/18134 |8 1 |0 0 |1 0 |4 0 |d 2007-08-02 |l 0 |r 2026-02-21 21:00:41 |w 2026-02-21 | ||
| 952 | |a SNK |b SNK |y PREZ |7 0 |p 17A0556101 |o snkČSB 5542/2005 |i snk2007/18135 |8 0 |0 0 |1 0 |4 0 |d 2007-08-02 |l 0 |r 2026-02-21 21:00:41 |w 2026-02-21 | ||
| 952 | |a SNK |b SNK |y PREZ |7 0 |p 17A0556102 |o snkČSB 5542/2005 D1 |i snk2007/18136 |8 1 |0 0 |1 0 |4 0 |d 2007-08-02 |l 0 |r 2026-02-21 21:00:41 |w 2026-02-21 | ||
| 952 | |a SNK |b SNK |y PREZ |7 0 |p 17A1466004 |o snkČSB 5542/2021 |i snk2023/7023 |8 0 |0 0 |1 0 |4 0 |d 2023-05-02 |l 0 |r 2026-02-21 21:29:19 |w 2026-02-21 | ||
| 952 | |a SNK |b SNK |y PREZ |7 0 |p 17A1466005 |o snkČSB 5542/2022 |i snk2023/7024 |8 0 |0 0 |1 0 |4 0 |d 2023-05-02 |l 0 |r 2026-02-21 21:29:21 |w 2026-02-21 | ||
| 952 | |a SNK |b SNK |y PREZ |7 0 |p 17A1466006 |o snkČSB 5542/2022 D1 |i snk2023/7026 |8 0 |0 0 |1 0 |4 0 |d 2023-05-02 |l 0 |r 2026-02-21 21:29:21 |w 2026-02-21 | ||
| 952 | |t snkDAN 336.22 |a SNKUST |b SNKUST |y PREZ |7 0 |p 17A1122438 |o snkČSB 5542/2015 D2 |i snk2015/9191 |8 3 |g 4.80 |0 0 |1 0 |4 0 |d 2015-03-16 |l 0 |r 2025-05-29 00:00:00 |w 2026-02-21 | ||


